000 00410cam a22001217a 4500
008 180718b1982 xxu||||| |||| 00| 0 eng d
082 _aLx54112 N131/8/M
245 _aMemorandum submitted to the Eighth Finance Commission
_cby Finance Department, Nagaland
260 _aKohima
_bFinance Department
_c1982
300 _a75p.
650 _aFinance, Public - Reports - India
700 _aNagaland. Finance Department
999 _c486300
_d486300